000 01358nam a2200241Ia 4500
999 _c55836
_d55836
001 22933
003 GE_BSU
005 20230602105810.0
008 181216s ||||ge |||||||||||||| ||geo||
040 _cGE_BSU
041 _ageo
080 _a821.353.1.09 ზ-27
100 _aზანდუკელი, მიხეილ
_918414
245 _aთხზულებანი. ტ. 2 :
_bახალი ქართული ლიტერატურა /
_cმიხეილ ზანდუკელი ; სარედ. კოლ. : პ. კეკელიძე, გ. კიკნაძე, ნ. ტაბიძე და სხვ. ; მე-2 ტომი რედ. : პროკელე კეკელიძე, ნოდარ ტაბიძე.
264 _aთბილისი :
_bთბილ. უნ-ტის გამ-ბა,
_c1976.
300 _a831 გვ. ;
_c22 სმ.
500 _aპირთა საძიებელი : გვ. 825-830
541 _h7ლ.18თ.
653 _aახალი ქართული ლიტერატურის ისტორია და კრიტიკა
653 _aთხზულებანი. ტ. 2, ახალი ქართული ლიტერატურა
653 _aქართული ლიტერატურა
942 _cBK
_2udc